مشاہیر اسلام حسن ابراہیم حسن کی کتاب اعلام الاسلام کا اردو ترجمہ / Mašāhīr-i Islām Ḥasan Ibrāhīm Ḥasan kī kitāb Aʿlām al-islām kā Urdū tarjumah / (Record no. 86485)
[ view plain ]
| 000 -LEADER | |
|---|---|
| fixed length control field | 00745nam a22001937a 4500 |
| 001 - CONTROL NUMBER | |
| control field | 86485 |
| 003 - CONTROL NUMBER IDENTIFIER | |
| rucl marc code | BD-RjUL |
| 005 - DATE AND TIME OF LATEST TRANSACTION | |
| control field | 20260514155209.0 |
| 008 - FIXED-LENGTH DATA ELEMENTS--GENERAL INFORMATION | |
| fixed length control field | 260514s1955 pk ||||| |||| 00| 0 urd d |
| 035 ## - SYSTEM CONTROL NUMBER | |
| System control number | (BD-RjUL)86485 |
| 040 ## - CATALOGING SOURCE | |
| Original cataloging agency | BD-RjUL |
| Language of cataloging | eng |
| Transcribing agency | BD-RjUL |
| 041 ## - LANGUAGE CODE | |
| Language code of text/sound track or separate title | urd |
| 082 ## - DEWEY DECIMAL CLASSIFICATION NUMBER | |
| Edition number | 23 |
| Classification number | 297 |
| Author mark and year | HAM 1955 |
| 100 ## - MAIN ENTRY--PERSONAL NAME | |
| Personal name | حسن، حسن ابراہیم ;; Hassan, Hassan Ibrahim |
| 9 (RLIN) | 18494 |
| 245 ## - TITLE STATEMENT | |
| Title | مشاہیر اسلام حسن ابراہیم حسن کی کتاب اعلام الاسلام کا اردو ترجمہ / Mašāhīr-i Islām Ḥasan Ibrāhīm Ḥasan kī kitāb Aʿlām al-islām kā Urdū tarjumah / |
| Statement of responsibility, etc. | Ḥasan Ibrāhīm Ḥasanحسن ابراہیم حسن |
| 300 ## - PHYSICAL DESCRIPTION | |
| Pagination | 353 p. ; |
| Size | 23 cm |
| 650 ## - SUBJECT ADDED ENTRY--TOPICAL TERM | |
| Topical term or geographic name as entry element | islam |
| 942 ## - ADDED ENTRY ELEMENTS (KOHA) | |
| Source of classification or shelving scheme | Dewey Decimal Classification |
| Koha item type | Books |
| Lost status | Source of classification or shelving scheme | Damaged status | Not for loan | Collection code | Permanent Location | Current Location | Shelving location | Date acquired | Total Checkouts | Full call number | Date last seen | Copy number | Koha item type |
|---|---|---|---|---|---|---|---|---|---|---|---|---|---|
| Dewey Decimal Classification | Not For Loan | Non-fiction | Central Library, University of Rajshahi | Central Library, University of Rajshahi | Reading Room | 14/05/2026 | U 297 HAM 1955 | 14/05/2026 | C-1 | Books |